| 000 | 00810nam a22002177a 4500 | ||
|---|---|---|---|
| 999 |
_c3075 _d3075 |
||
| 003 | AR-CdUCM | ||
| 008 | 190305b ||||| |||| 00| 0 spa d | ||
| 040 |
_aMUNICIPALIDAD PROVINCIAL DEL CUSCO _cBIBLIOTECA MUNICIPAL DEL CUSCO |
||
| 082 |
_a398.0985 / _bIW96 |
||
| 100 |
_aIwaki Ordóñez, Rubén _910424 |
||
| 245 |
_aEl mensaje de los Apus : _bEl principe del Sol / |
||
| 260 |
_aCusco : _bEditorial Mercantil EIRL, _c1996. |
||
| 300 |
_a132 Páginas ; _bIlustraciones, _c20 cm. |
||
| 505 | _aContenido: El príncipe -- Relato ante el concejo mayor de ancianos -- Iniciación -- Riguroso entrenamiento -- El mensaje del gran Aramu... | ||
| 650 |
_aHistoria peruana _91316 |
||
| 650 |
_aIncas _9303 |
||
| 650 |
_aApus _910425 |
||
| 650 |
_aTecnología Andina _910426 |
||
| 942 |
_2ddc _cLIBROS |
||
| 945 | _adavv | ||